000 00693nam a2200241Ia 4500
003 OSt
005 20221005114712.0
006 a|||||r|||| 00| 0
007 ta
008 221004b |||||||| |||| 00| 0 urd d
020 _c150
024 _a13934
037 _b5722/13, 09/03/2010, Modern Publishing House
_cTextual
040 _aCRL
_cCRL
_burd
041 _2urd
_aurd
082 _aO168,3N21x, N5
100 _aNarang Gopi Chand
245 0 _aBalwant Singh ke behtareen afsane
260 _c1995
650 _aURDU LITERATURE
942 _hO168,3N21x, N5
_cTEXL
_2cc
999 _c1032118
_d1032118